10 najbogatszych państw na świecie - Statystyki

Ogólne statystyki
  • Ten quiz został rozwiązany 165 razy
  • Średni wynik to 5 z 10
Statystyki odpowiedzi
pozycja kraj % Poprawnych
9 Stany Zjednoczone
93%
8 Szwajcaria
63%
1 Katar
59%
7 Zjednoczone Emiraty Arabskie
57%
2 Luksemburg
51%
5 Norwegia
45%
6 Kuwejt
42%
3 Singapur
42%
10 Holandia
37%
4 Brunei
21%
Nie znaleziono quizów pasujących do podanych kryteriów
Rozkład punktacji
Procent ludzi z każdym wynikiem
Percentyl według liczby udzielonych odpowiedzi
Twoja historia wyników
Nie rozwiązałeś tego quizu